Orelsan- Tous ses titres (albums) - Statistiques

Statistiques générales
  • Ce quiz a été pris 645 fois
    361 depuis la dernière actualisation
  • Le résultat moyen est 48 sur 98
Statistiques - réponses
Réponse % Correct
Civilisation
79%
La Quête
75%
Le chant des sirènes
75%
Ailleurs
74%
Yoroï
74%
San
72%
Notes pour trop tard
71%
Défaite de famille
70%
La pluie
70%
Athéna
69%
La terre est ronde
69%
Perdu D'avance
68%
La fête est finie
67%
SAMA
67%
Basique
66%
Boss
66%
L'odeur de l'essence
66%
Du propre
65%
Jimmy Punchline
65%
Le pacte
65%
Les monstres
65%
Plus rien
64%
Encore une fois
63%
Epiphanie
63%
Raelsan
63%
Soleil levant
63%
Jour meilleur
62%
Deux et demi
60%
Manifeste
59%
Shonen
59%
Tout va bien
59%
Tout va bien
59%
La petite voix
58%
Rêves bizarres
57%
CP_009_Évidemment
56%
Suicide social
56%
Bébéboa
55%
Osaka
55%
Changement
54%
Dans quelques mois
53%
Oulalalala
53%
Paradis
53%
Peur de L'échec
53%
Pour le Pire
52%
Bonne meuf
51%
Dernier verre
51%
Ils sont cools
51%
Si Seul
51%
Tellement d'amis
51%
Internet
50%
1990
49%
2010
49%
Christophe
49%
Courez Courez
49%
Baise le monde
48%
Seul avec du monde autour
48%
Casseurs Flowters Infinity
47%
Ensemble
47%
CP_002_Les aventures de MiniSan
45%
50 Pourcents
44%
Epilogue
43%
Dans ma ville, on traîne
42%
Soirée Ratée
42%
Différent
41%
Plus rien ne m'étonne
41%
Rêve mieux
40%
Etoiles Invisibles
39%
Zone
39%
CP_010_On a gagné
38%
Finir mal
38%
La lumière
38%
Logo Dans Le Ciel
38%
CP_001_Intro Civilisation Perdue
37%
Dis-moi
37%
La petite marchande de porte-clefs
37%
Double vie
35%
La famille, la famille
35%
La morale
35%
CP_006_Ah la France
34%
Elle viendra quand même
34%
Mes grands-parents
34%
CP_005_Ok... Super...
33%
Entre Bien Et Mal
33%
Gros Poissons Dans Une Petite Mare
33%
Fantômes
32%
Quand est-ce que ça s'arrête
32%
Mauvaise idée
30%
CP_004_Juste un dernier
29%
Adieu les filles
28%
CP_008_Nous contre le monde
28%
No Life
28%
Des trous dans la tête
27%
CP_003_Toujours perdu quand même
26%
Excuses ou mensonges
26%
Sous influence
26%
Discipline
25%
CP_007_Point de rupture
23%
Tout ce que je sais
21%
Aucun quiz correspondant
Distribution des résultats
% des personnes avec chaque résultat
Percentile par nombre de réponses
Votre historique - résultats
Vous n’avez pas pris ce quiz depuis la dernière actualisation